000 00857cab a2200229 4500
001 L136479
008 070202n2007 000 0 eng u
035 _a(Sirsi) u136479
041 0 _aeng
100 1 _aPriestley, Robin
245 0 2 _aA quiet revolution
260 _c2007
490 0 0 _aJournal of the Law Society of Scotland
_v52(1) January 2007, 12-13(2)
520 _aLooks at the process of reform initiated by the passing of the Planning Etc (Scotland) Act 2006 arguing that much will depend on regulations, national policies and the resources to support the new system.
590 _aKA
650 2 4 _aPLANNING ETC. (SCOTLAND) ACT 2006
650 2 4 _aPLANNING GAIN SUPPLEMENT
651 4 _aScotland
_y1999-
690 _aENVIRONMENTAL AND LAND CONSULTANCY-PLANNING AND DEVELOPMENT-PLANNING REFORM
700 1 _aMackay, Jason
942 _n0
999 _c78309
_d78309